00426nam a2200169Ia 4500003000400000005001700004008004000021020001800061040000700079041000800086082001300094100002300107245004500130260004700175300001300222700002100235OSt20241021095401.0210210b2008 xxu||||| |||| 00| 0 eng d a9780521876735 cal aeng a153 BATE aBATTRO (Antonio M) aEducated brain: Essays in Neuroeducation aNew YorkbCambridge University Pressc2008 axxiv,256 aFISCHER (Kurt W)